01184nam a2200217 a 450000100060000000300090000600800410001502000150005604000280007108200160009910000270011524500800014226000300022230000090025249000290026150505510029065000310084165000280087265000360090065000300093622175CO-ViMGA141112s2004 ck r 000 u spa d a8427712316 aCO-ViMGAbspacCO-ViMGA04a371.2 U741e1 aUría, María Esther10aEstrategias didáctico - organizativas para mejorar los centros educativos aMadrid : bNarcea, c1998 a225p aEducación hoy estudios aAnálisis de contextos y organización de espacios 19 - - El tiempo, componente destacado del currículo y de la organización 63 - - Oraganización del alumnado atención a su diversidad 83 - - Prever los recursos y materiales que apoyen el exito del desarrollo curricular 105 - - Motivar el aprendizaje del alumnado 139 - - Preparación de actividades y orientación del alumnado en su realización 155 - - Presentación de la información al alumnado 175 - - Apendice : la motivación del profesorado, condicionante del exito 193 14aESTUDIANTES - MOTIVACIÓN14aINNOVACIONES EDUCATIVAS14aPERSONAL DOCENTE - MOTIVACIÓN14aPLANIFICACIÓN EDUCATIVA